Films avec Arnold Schwarzenegger - Statistiques

Statistiques générales
  • Ce quiz a été pris 123 fois
  • Le résultat moyen est 8 sur 25
Statistiques - réponses
Personnage Film % Correct
T-800 Terminator
97%
Conan Conan le Barbare et Conan le Destructeur
82%
Jack Slater / lui-même Last Action Hero
54%
le major Alan "Dutch" Schaffer Predator
51%
Victor Fries / Mr Freeze Batman et Robin
48%
John Matrix Commando
48%
Douglas Quaid / Hauser Total Recall
46%
John Kimble Un flic à la maternelle
45%
Kalidor Kalidor
39%
Julius Benedict Jumeaux
38%
Harry Tasker True Lies
35%
le capitaine Ivan Danko Double détente
32%
Hercule Hercule à New York
32%
Trench Mauser Expendables 1, 2 et 3
22%
Dr Alex Hesse Junior
22%
Mark Kaminski Le Contrat
19%
John Kruger L'Effaceur
19%
Le prince Hapi Le Tour du monde en 80 jours
18%
Ben Richards Running Man
16%
Emil Rottmayer / Victor Manheim Evasion
14%
Howard Langston La course au jouet
13%
Adam Gibson A l'aube du sixième jour
8%
Jericho Caine La Fin des temps
8%
Gordy Brewer Dommage collatéral
5%
Robert "Gunther" Bendik Killing Gunther
5%
Aucun quiz correspondant
Distribution des résultats
% des personnes avec chaque résultat
Percentile par nombre de réponses
Votre historique - résultats
Vous n’avez pas pris ce quiz